|
|
|
|
| LEADER |
00000nab a2200000 a 4500 |
| 001 |
vtls011122671 |
| 003 |
SK-MaSNL |
| 005 |
20260303151154.0 |
| 008 |
230222|2011 xo |||||||||||||||||eng| |
| 015 |
|
|
|a SNBRB
|
| 035 |
|
|
|a (uuid)47a57feb-c43a-4e71-93d7-2e2db02f062d
|
| 035 |
|
|
|a (urnnbn)urn:nbn:sk:snk:ar-a08x4z
|
| 035 |
|
|
|a urn:nbn:sk:snk-ab9unw
|
| 040 |
|
|
|a SNKBUCL
|b slo
|c SNKBUCL
|e AACR2
|
| 041 |
0 |
|
|a eng
|
| 044 |
|
|
|a xo
|c SK
|
| 100 |
1 |
|
|a Mihaliková, Mária,
|d 1963-
|4 aut
|9 219974
|
| 245 |
1 |
0 |
|a USING THE VIDEOEXTENSOMETRY AND UCI - HARDNESS FOR MONITORING OF AUTOMOTIVE STEEL SHEETS
|c Mária Mihaliková, Miroslav Német, Pavol Zubko, Ľubomír Ambriško, Ladislav Pešek
|
| 700 |
1 |
|
|a Német, Miroslav
|4 aut
|9 793209
|
| 700 |
1 |
|
|a Zubko, Pavol
|4 aut
|9 420648
|
| 700 |
1 |
|
|a Ambriško, Ľubomír,
|d 1984-
|4 aut
|9 210168
|
| 700 |
1 |
|
|a Pešek, Ladislav,
|d 1947-
|4 aut
|9 219530
|
| 773 |
0 |
|
|t Materiálové inžinierstvo
|g Roč. 18, č. 3 (2011), s. 93-96
|
| 958 |
|
|
|a OND
|
| 958 |
|
|
|a EUIPO
|
| 958 |
|
|
|a article13
|
| 999 |
|
|
|c 2016512
|d 2018442
|